Name The Plane - Part 1 - Statistics

General Stats
  • This quiz has been taken 23 times
  • The average score is 6 of 10
Answer Stats
Picture Answer % Correct
Lockheed Martin F-35 Lightning
83%
Boeing B737
78%
Boeing B747
72%
Boeing B777
72%
Airbus A320
67%
General Dynamics F-16 Fighting Falcon
67%
Airbus A350
50%
Antonov An-225 Mriya
44%
Embraer E-175
33%
Gulfstream G800
22%
No matching quizzes found
Score Distribution
Percent of People with Each Score
Percentile by Number Answered
Your Score History
You have not taken this quiz